000 00741nam a2200253Ia 4500
005 20251020182456.0
008 200515s9999 xx 000 0 und d
082 _a624.05/D61d
100 _aDelgado Contreras, Genaro
245 0 _aDiseño de estructuras aporticadas de concreto armado
250 _a1a ed.
260 _aLima
260 _bs.n.
260 _c1991
300 _a228 p.
300 _btbl., graf.
500 _a1 ejemplar
520 _aTiene como principal objetivo proporcionar al lector una metodología y secuencia para el diseño de estructuras aporticadas de concreto armado.
650 _aCONCRETO ARMADO
650 _aESTRUCTURAS
650 _aESTRUCTURAS APORTICADAS
942 _cLIB
999 _c1021
_d1021